000 00468nam a2200145 4500
999 _c11040
_d11040
008 181009b ||||| |||| 00| 0 eng d
022 _a2094-8042
082 _aDPer 370.105 M72 Jan-Dec 2011 v59-60
100 _932013
_aEsperanzate, Jeanelyn O.
245 _aMagulang, dapat igalang/
_cJeanelyn O. Esperanzate.
260 _aPhilippines:
_bIn the Grade School, Inc.,
_cc2011.
300 _av60 n7, page 302;
_c27cm.
650 0 _932014
_aParents.
942 _2ddc
_cPER